Phương pháp nghiên cứu Khoa học Giáo dục Tiểu học
Nội dung đề cập các vấn đề tổng quan về khoa học giáo dục; cách tiếp cận phương pháp nghiên cứu và các giai đoạn tiến hành nghiên cứu một công trình khoa học giáo dục, đặc biệt giới thiệu một số đề cương nghiên cứu đề tài trong lĩnh...
Đã lưu trong:
| Príomhúdar: | |
|---|---|
| Formáid: | Leabhar |
| Teanga: | Undetermined |
| Foilsithe: |
H.
ĐH Sư phạm
2009
|
| Ábhair: | |
| Rochtain Ar Líne: | http://lrc.tdmu.edu.vn/opac/search/detail.asp?aID=2&ID=19314 |
| Clibeanna: |
Cuir Clib Leis
Gan Chlibeanna, Bí ar an gcéad duine leis an taifead seo a chlibeáil!
|
| Thư viện lưu trữ: | Trung tâm Học liệu Trường Đại học Thủ Dầu Một |
|---|
| LEADER | 01166nam a2200205Ia 4500 | ||
|---|---|---|---|
| 001 | TDMU_19314 | ||
| 008 | 210410s9999 xx 000 0 und d | ||
| 082 | |a 372.01 | ||
| 090 | |b PH400 | ||
| 100 | |a Phó, Đức Hòa | ||
| 245 | 0 | |a Phương pháp nghiên cứu Khoa học Giáo dục Tiểu học | |
| 245 | 0 | |c Phó Đức Hòa | |
| 260 | |a H. | ||
| 260 | |b ĐH Sư phạm | ||
| 260 | |c 2009 | ||
| 300 | |a 128tr. | ||
| 520 | |a Nội dung đề cập các vấn đề tổng quan về khoa học giáo dục; cách tiếp cận phương pháp nghiên cứu và các giai đoạn tiến hành nghiên cứu một công trình khoa học giáo dục, đặc biệt giới thiệu một số đề cương nghiên cứu đề tài trong lĩnh vực giáo dục tiểu học.; TM tài liệu tham khảo tr.128 | ||
| 650 | |a Giáo dục tiểu học |x Phương pháp luận; Khoa học giáo dục |x Phương pháp luận | ||
| 856 | |u http://lrc.tdmu.edu.vn/opac/search/detail.asp?aID=2&ID=19314 | ||
| 980 | |a Trung tâm Học liệu Trường Đại học Thủ Dầu Một | ||